| 000 | 00694cam a2200229 a 4500 | ||
|---|---|---|---|
| 001 | 000008028 | ||
| 005 | 20200929154411.0 | ||
| 008 | 900510s1993 sp 000 f spa | ||
| 020 | _a8432070106 | ||
| 040 |
_aDO-SdBNP _dBNPHU |
||
| 082 |
_a863.64 _bP977q, 1993 |
||
| 100 | 1 |
_aPuértolas, Soledad, _d1947- _921933 |
|
| 245 | 1 | 0 |
_aQueda la noche / _cSoledad Puertolas. |
| 250 | _a22a ed. | ||
| 260 |
_aBarcelona : _bPlaneta, _c1993. |
||
| 300 |
_a239 p. ; _c21 cm. |
||
| 490 | 1 | _aAutores españoles e hispanoamericanos | |
| 650 | 4 |
_aNovela española _91123 |
|
| 650 | 4 |
_aLiteratura española _9632 |
|
| 830 | 0 |
_aAutores españoles e hispanoamericanos _95042 |
|
| 910 | _aCatalogación derivada | ||
| 999 |
_c7805 _d7805 |
||